00377 a2200109 4500001001000000005001700010008004100027245009500068100002500163773006200188999001700250ART_4921020260410162033.0260409a 10aPetroleros privados. CCT 644/2012. Neuquén, Río Negro y La Pampa. Nuevas actas acuerdo1 aDi Lucente, Mauro S.0 tLiquidación de sueldosg- Nº 158 (jul. 2019)wREV44399 c34164d34164